|
|
|
|
| LEADER |
01067nam a2200337 4500 |
| 001 |
DLU090091497 |
| 005 |
##20091201 |
| 040 |
# |
# |
|a DLU
|b eng
|
| 041 |
# |
# |
|a eng
|
| 044 |
# |
# |
|a us
|
| 100 |
# |
# |
|a Dutta, Tapan K.
|
| 245 |
# |
# |
|a Oxidation of methyl-substituted naphthalenes : Pathways in a versatile sphingomonas paucimobilis strain /
|c Tapan K. Dutta, Sergey A. Selifonov, Irwin C. Gunsalus.
|
| 653 |
# |
# |
|a Aromatic compounds
|
| 653 |
# |
# |
|a Biodegradation
|
| 653 |
# |
# |
|a Metabolism
|
| 653 |
# |
# |
|a Naphthalene derivatives
|
| 653 |
# |
# |
|a Oxidation
|
| 653 |
# |
# |
|a Pollutants
|
| 653 |
# |
# |
|a Sphingomonas paucimobilis
|
| 700 |
# |
# |
|a Gunsalus, Irwin C.
|
| 700 |
# |
# |
|a Selifonov, Sergey A.
|
| 773 |
# |
# |
|t Applied and Environmental Microbiology
|g Vol. 64, no. 5 (May 1998), p. 1884-1889
|
| 920 |
# |
# |
|a Phòng Tạp chí -- Trung tâm Thông tin - Thư viện Trường Đại học Đà Lạt
|
| 994 |
# |
# |
|a DLU
|
| 900 |
# |
# |
|a True
|
| 911 |
# |
# |
|a Trương Bảo Trâm Anh
|
| 925 |
# |
# |
|a G
|
| 926 |
# |
# |
|a A
|
| 927 |
# |
# |
|a BB
|
| 980 |
# |
# |
|a Thư viện Trường Đại học Đà Lạt
|